Η διαχείριση των ελληνοτουρκικών κρίσεων : διδακτορική διατριβή
Saved in:
| Main Author: | |
|---|---|
| Corporate Author: | |
| Other Authors: | |
| Format: | Thesis Book |
| Language: | Greek |
| Published: |
2011
|
| Subjects: | |
| Online Access: | http://hdl.handle.net/11610/10982 |
| Tags: |
Add Tag
No Tags, Be the first to tag this record!
|
MARC
| LEADER | 00000cam a2200000 i 4500 | ||
|---|---|---|---|
| 001 | 1/26150 | ||
| 008 | 130220s2011 gre d | ||
| 035 | |l 10113777 | ||
| 040 | |a GR-MY-UA |b gre |e aacr | ||
| 041 | 0 | |a gre | |
| 082 | 0 | |a 327.09495561 |2 (22) | |
| 100 | 1 | |a Ταταρίδης, Σοφούλης. | |
| 245 | 1 | 2 | |a Η διαχείριση των ελληνοτουρκικών κρίσεων : |b διδακτορική διατριβή / |c Σοφούλης Ταταρίδης ; επιβλέπων: Ιωάννης Σεϊμένης |
| 260 | |c 2011 | ||
| 300 | |a 208 σ.; |c 30 εκ. | ||
| 500 | |a Μέλη εξεταστικής επιτροπής: Γρηγόριος Τσάλτας ...[κ.ά.] | ||
| 502 | # | # | |a Διατριβή (διδακτορική) – Πανεπιστήμιο Αιγαίου, Ρόδος, 2011. |
| 504 | |a Βιβλιογραφία: σ. 186-208 | ||
| 650 | 0 | 0 | |a Dissertations, Academic |z Greece. |
| 651 | 0 | |a Greece |x Foreign relations |z Turkey. | |
| 651 | 0 | |a Turkey |x Foreign relations |z Greece. | |
| 700 | 1 | |a Σεϊμένης, Γιάννης. |4 ths | |
| 710 | 2 | |a Πανεπιστήμιο Αιγαίου |b Σχολή Ανθρωπιστικών Επιστημών |b Τμήμα Μεσογειακών Σπουδών. | |
| 852 | |a INST |b RHODES |c DIATR |e 20130220 |h 327.09495561 ΤΑΤ |p 005400034918 |q 005400034918 |t PHD |y 23 | ||
| 852 | |a INST |b RHODES |c DIATR |e 20130220 |h 327.09495561 ΤΑΤ |p 005400034919 |q 005400034919 |t PHD |y 23 | ||
| 856 | |u http://hdl.handle.net/11610/10982 | ||
| 901 | |a BIBL4-2013-1 | ||
| 909 | |a Ρ |b 176451 | ||
| 909 | |a Ρ |b 176452 | ||
| 924 | |a ΤΑΤΑΡΙΔΗΣ |b ΣΟΦΟΥΛΗΣ |y ΡΟΔΟΣ |z 2011 | ||
| 970 | |z 2013/02/20 | ||